000 00585cam a22002053a 4500
001 38746
003 PGUSA
005 20140828083844.0
008 120201s2012||||xxu|||||s|||||000 | eng d
040 _aPGUSA
_beng
042 _adc
100 1 _aRosenbach, A. S. W.,
_d1876-1952
245 1 4 _aThe Unpublishable Memoirs
_h[electronic resource] /
_cA. S. W. Rosenbach
260 _bProject Gutenberg,
_c2012
506 _aPublic domain in the USA.
516 _aElectronic text
830 0 _aProject Gutenberg
_v38746
856 4 0 _uhttp://www.gutenberg.org/ebooks/38746
942 _cEB
999 _c268000
_d268000